[Event "Russian Championship (Blitz, Men)"]
[Site "Sochi"]
[Date "2018.10.07"]
[Round "1.17"]
[White "Jakovenko, Igor"]
[Black "Riazantsev, Alexander"]
[Result "0-1"]
[BlackElo "2633"]
[WhiteElo "2162"]
[LiveChessVersion "1.4.8"]

1. Nf3 {[%clk 0:03:03]} d5 {[%clk 0:03:03]} 2. c4 {[%clk 0:03:04]} e6
{[%clk 0:03:04]} 3. g3 {[%clk 0:03:05]} dxc4 {[%clk 0:03:05]} 4. Bg2
{[%clk 0:03:06]} a6 {[%clk 0:03:06]} 5. a4 {[%clk 0:03:06]} Nc6 {[%clk 0:03:06]}
6. O-O {[%clk 0:03:06]} Nf6 {[%clk 0:03:04]} 7. Na3 {[%clk 0:03:07]} Na5
{[%clk 0:02:58]} 8. Qc2 {[%clk 0:02:55]} Qd5 {[%clk 0:02:56]} 9. Rd1
{[%clk 0:02:33]} Bd7 {[%clk 0:02:49]} 10. d3 {[%clk 0:02:22]} Nb3
{[%clk 0:02:17]} 11. Rb1 {[%clk 0:02:00]} Bxa4 {[%clk 0:02:17]} 12. dxc4
{[%clk 0:01:46]} Qa5 {[%clk 0:02:19]} 13. Re1 {[%clk 0:00:45]} Nd4
{[%clk 0:02:02]} 14. Bd2 {[%clk 0:00:09]} Nxc2 {[%clk 0:01:48]} 15. Bxa5
{[%clk 0:00:10]} Nxe1 {[%clk 0:01:48]} 16. Nxe1 {[%clk 0:00:09]} O-O-O
{[%clk 0:01:43]} 17. Nd3 {[%clk 0:00:06]} Nd7 {[%clk 0:01:32]} 18. Bc3
{[%clk 0:00:06]} f6 {[%clk 0:01:26]} 19. b4 {[%clk 0:00:08]} Bc6 {[%clk 0:01:25]}
20. Bh3 {[%clk 0:00:08]} Re8 {[%clk 0:01:20]} 21. Nc2 {[%clk 0:00:09]} Be4
{[%clk 0:01:12]} 22. f3 {[%clk 0:00:09]} Bxd3 {[%clk 0:01:13]} 23. exd3
{[%clk 0:00:10]} f5 {[%clk 0:01:10]} 24. d4 {[%clk 0:00:10]} Be7 {[%clk 0:01:09]}
25. Bf1 Bf6 26. b5 {[%clk 0:00:11]} axb5 {[%clk 0:01:09]} 27. cxb5
{[%clk 0:00:11]} Nb6 {[%clk 0:01:08]} 28. Rd1 {[%clk 0:00:10]} Nd5
{[%clk 0:01:09]} 29. Bd2 {[%clk 0:00:10]} Kd7 {[%clk 0:01:10]} 30. Kf2
{[%clk 0:00:09]} Ra8 {[%clk 0:01:12]} 31. Bc4 {[%clk 0:00:09]} Rhd8
{[%clk 0:01:09]} 32. Bb3 {[%clk 0:00:09]} Ke7 {[%clk 0:01:06]} 33. Re1
{[%clk 0:00:10]} Kf7 {[%clk 0:01:07]} 34. g4 {[%clk 0:00:11]} g6 {[%clk 0:01:07]}
35. gxf5 {[%clk 0:00:11]} gxf5 {[%clk 0:01:08]} 36. Re2 {[%clk 0:00:10]} Rd6
{[%clk 0:01:07]} 37. Ne1 {[%clk 0:00:10]} Bxd4+ {[%clk 0:01:08]} 38. Kg2
{[%clk 0:00:11]} Rg8+ {[%clk 0:01:09]} 39. Kh3 {[%clk 0:00:12]} c6
{[%clk 0:00:57]} 40. bxc6 {[%clk 0:00:13]} bxc6 {[%clk 0:00:59]} 41. Nd3
{[%clk 0:00:13]} Kf6 {[%clk 0:00:50]} 42. Nf4 {[%clk 0:00:10]} Rb8
{[%clk 0:00:43]} 43. Nh5+ {[%clk 0:00:11]} Kf7 {[%clk 0:00:44]} 44. Bc4
{[%clk 0:00:11]} Rb2 {[%clk 0:00:43]} 45. Bf4 {[%clk 0:00:05]} Nxf4+
{[%clk 0:00:42]} 46. Nxf4 {[%clk 0:00:06]} Rxe2 {[%clk 0:00:43]} 47. Bxe2
{[%clk 0:00:07]} Be5 {[%clk 0:00:43]} 48. Nd3 {[%clk 0:00:08]} Bf6
{[%clk 0:00:43]} 49. f4 {[%clk 0:00:09]} Rd8 {[%clk 0:00:41]} 50. Kg2
{[%clk 0:00:10]} Ra8 {[%clk 0:00:42]} 51. Kf3 {[%clk 0:00:11]} Ra3
{[%clk 0:00:43]} 52. Kf2 {[%clk 0:00:11]} Bd4+ {[%clk 0:00:45]} 53. Ke1
{[%clk 0:00:12]} c5 {[%clk 0:00:46]} 54. Nc1 {[%clk 0:00:12]} Ra1
{[%clk 0:00:47]} 55. Kd2 {[%clk 0:00:13]} Be3+ {[%clk 0:00:48]} 56. Kxe3
{[%clk 0:00:14]} Rxc1 {[%clk 0:00:49]} 57. Kd4 0-1

[Event "Russian Championship (Blitz, Men)"]
[Site "Sochi"]
[Date "2018.10.07"]
[Round "2.8"]
[White "Tsvetkov, Andrey"]
[Black "Savchenko, Boris"]
[Result "1/2-1/2"]
[BlackElo "2657"]
[WhiteElo "2215"]
[LiveChessVersion "1.4.8"]

1. d4 {[%clk 0:03:03]} Nf6 {[%clk 0:03:03]} 2. c4 {[%clk 0:03:04]} g6
{[%clk 0:03:05]} 3. Nc3 {[%clk 0:03:05]} d5 {[%clk 0:03:06]} 4. cxd5
{[%clk 0:03:06]} Nxd5 {[%clk 0:03:07]} 5. Na4 {[%clk 0:03:07]} Nb6
{[%clk 0:03:06]} 6. e4 {[%clk 0:03:07]} Bg7 {[%clk 0:03:04]} 7. Be3
{[%clk 0:03:08]} O-O {[%clk 0:02:58]} 8. Nf3 {[%clk 0:03:08]} Bg4
{[%clk 0:02:55]} 9. Nc5 {[%clk 0:03:06]} Qc8 {[%clk 0:02:45]} 10. Be2
{[%clk 0:02:36]} Rd8 {[%clk 0:02:40]} 11. O-O {[%clk 0:02:14]} Bxf3
{[%clk 0:01:41]} 12. Bxf3 {[%clk 0:02:14]} Nc6 {[%clk 0:01:42]} 13. Nb3
{[%clk 0:02:07]} Nxd4 {[%clk 0:01:24]} 14. Nxd4 {[%clk 0:01:59]} c5
{[%clk 0:01:25]} 15. Nf5 {[%clk 0:01:20]} gxf5 {[%clk 0:01:24]} 16. Qc2
{[%clk 0:01:21]} fxe4 {[%clk 0:01:15]} 17. Bxe4 {[%clk 0:01:24]} Nd5
{[%clk 0:00:45]} 18. Qxc5 {[%clk 0:01:06]} Qe6 {[%clk 0:00:13]} 19. Bxd5
{[%clk 0:00:32]} Rxd5 {[%clk 0:00:14]} 20. Qc2 {[%clk 0:00:33]} Rc8
{[%clk 0:00:15]} 21. Qb3 {[%clk 0:00:34]} b6 {[%clk 0:00:13]} 22. Rac1
{[%clk 0:00:30]} Rcd8 {[%clk 0:00:06]} 23. h3 {[%clk 0:00:31]} Be5
{[%clk 0:00:07]} 24. Qc2 {[%clk 0:00:25]} Bb8 {[%clk 0:00:07]} 25. Rfe1
{[%clk 0:00:14]} Qd6 {[%clk 0:00:08]} 26. g3 {[%clk 0:00:15]} Rd3
{[%clk 0:00:08]} 27. Qc6 {[%clk 0:00:11]} Qxc6 {[%clk 0:00:06]} 28. Rxc6
{[%clk 0:00:12]} f6 {[%clk 0:00:07]} 29. Kg2 {[%clk 0:00:14]} Be5
{[%clk 0:00:08]} 30. b3 {[%clk 0:00:13]} Kf7 {[%clk 0:00:08]} 31. Rec1
{[%clk 0:00:13]} Rg8 {[%clk 0:00:08]} 32. Bh6 {[%clk 0:00:04]} Rg6
{[%clk 0:00:08]} 33. Be3 {[%clk 0:00:05]} Bxg3 {[%clk 0:00:09]} 34. fxg3
{[%clk 0:00:05]} Rxe3 {[%clk 0:00:10]} 35. g4 {[%clk 0:00:05]} h5
{[%clk 0:00:12]} 36. Kf2 {[%clk 0:00:05]} Rxh3 {[%clk 0:00:12]} 37. gxh5
{[%clk 0:00:06]} Rh2+ {[%clk 0:00:13]} 38. Kf3 {[%clk 0:00:07]} Rxh5
{[%clk 0:00:13]} 39. Rc7 {[%clk 0:00:09]} Rf5+ {[%clk 0:00:11]} 40. Ke4
{[%clk 0:00:08]} Re5+ 41. Kf4 a5 {[%clk 0:00:12]} 42. Rb7 {[%clk 0:00:10]} Re6
{[%clk 0:00:10]} 43. Rh1 {[%clk 0:00:06]} Rg2 {[%clk 0:00:09]} 44. Rh7+
{[%clk 0:00:07]} Rg7 {[%clk 0:00:09]} 45. Rh2 {[%clk 0:00:08]} Rd6
{[%clk 0:00:07]} 46. Re2 {[%clk 0:00:09]} Ke8 {[%clk 0:00:08]} 47. Rb8+
{[%clk 0:00:10]} Kd7 {[%clk 0:00:09]} 48. Rb7+ {[%clk 0:00:11]} Kd8
{[%clk 0:00:10]} 49. Kf5 {[%clk 0:00:09]} Rg5+ {[%clk 0:00:11]} 50. Kf4
{[%clk 0:00:10]} e5+ {[%clk 0:00:12]} 51. Kf3 {[%clk 0:00:11]} Rf5+
{[%clk 0:00:12]} 52. Kg4 {[%clk 0:00:11]} Rg5+ {[%clk 0:00:13]} 53. Kf3
{[%clk 0:00:12]} Rd3+ {[%clk 0:00:12]} 54. Ke4 {[%clk 0:00:12]} Rd4+
{[%clk 0:00:13]} 55. Kf3 {[%clk 0:00:13]} Rf4+ {[%clk 0:00:14]} 56. Ke3
{[%clk 0:00:15]} Rg3+ {[%clk 0:00:15]} 57. Kd2 {[%clk 0:00:16]} Rd4+
{[%clk 0:00:17]} 58. Kc2 {[%clk 0:00:18]} Rd6 {[%clk 0:00:16]} 59. Rh2
{[%clk 0:00:19]} Kc8 {[%clk 0:00:17]} 60. Rf7 {[%clk 0:00:19]} Rg8
{[%clk 0:00:17]} 61. Rh6 {[%clk 0:00:18]} Rg2+ {[%clk 0:00:12]} 62. Kc3
{[%clk 0:00:18]} Rc6+ {[%clk 0:00:12]} 63. Kd3 {[%clk 0:00:19]} e4+
{[%clk 0:00:12]} 64. Ke3 {[%clk 0:00:18]} Rg8 {[%clk 0:00:05]} 65. Rhxf6
{[%clk 0:00:15]} Rxf6 {[%clk 0:00:04]} 66. Rxf6 {[%clk 0:00:16]} Kb7
{[%clk 0:00:05]} 67. Kxe4 {[%clk 0:00:17]} Rg2 {[%clk 0:00:06]} 68. a4
{[%clk 0:00:16]} Rg3 {[%clk 0:00:06]} 69. Rf3 {[%clk 0:00:12]} Rg4+
{[%clk 0:00:06]} 70. Rf4 {[%clk 0:00:14]} 1/2-1/2

[Event "Russian Championship (Blitz, Men)"]
[Site "Sochi"]
[Date "2018.10.07"]
[Round "3.35"]
[White "Miroshnichenko, Pavel"]
[Black "Hasangatin, Ramil"]
[Result "0-1"]
[BlackElo "2496"]
[WhiteElo "2302"]
[LiveChessVersion "1.4.8"]

1. e4 {[%clk 0:03:02]} d5 {[%clk 0:03:04]} 2. Nc3 {[%clk 0:03:03]} Nf6
{[%clk 0:03:04]} 3. exd5 {[%clk 0:03:03]} Nxd5 {[%clk 0:03:05]} 4. Bc4
{[%clk 0:03:04]} Nxc3 {[%clk 0:03:06]} 5. Qf3 {[%clk 0:03:03]} e6
{[%clk 0:03:06]} 6. Qxc3 {[%clk 0:02:56]} Qf6 {[%clk 0:02:48]} 7. Nf3
{[%clk 0:02:31]} Qxc3 {[%clk 0:02:46]} 8. bxc3 {[%clk 0:02:31]} Bd6
{[%clk 0:02:35]} 9. d4 {[%clk 0:02:31]} Nd7 {[%clk 0:02:35]} 10. O-O
{[%clk 0:02:24]} O-O {[%clk 0:02:34]} 11. a4 {[%clk 0:02:20]} b6 {[%clk 0:02:29]}
12. a5 {[%clk 0:02:14]} Bb7 {[%clk 0:02:29]} 13. Nd2 {[%clk 0:02:09]} Nf6
{[%clk 0:02:23]} 14. Ba3 {[%clk 0:02:04]} Bxa3 {[%clk 0:01:53]} 15. Rxa3
{[%clk 0:02:05]} Rab8 {[%clk 0:01:45]} 16. axb6 {[%clk 0:01:31]} axb6
{[%clk 0:01:46]} 17. Ra7 {[%clk 0:01:32]} Rfc8 {[%clk 0:01:37]} 18. Be2
{[%clk 0:01:18]} Nd5 {[%clk 0:01:26]} 19. Bf3 {[%clk 0:01:14]} Bc6
{[%clk 0:01:13]} 20. Rfa1 {[%clk 0:00:53]} Ne7 {[%clk 0:01:06]} 21. c4
{[%clk 0:00:42]} Kf8 {[%clk 0:01:04]} 22. c3 {[%clk 0:00:40]} h6 {[%clk 0:01:01]}
23. Kf1 {[%clk 0:00:35]} Ke8 {[%clk 0:00:54]} 24. Ke2 {[%clk 0:00:36]} Bxf3+
{[%clk 0:00:51]} 25. Nxf3 Nc6 26. R7a2 {[%clk 0:00:31]} Na5 {[%clk 0:00:49]} 27.
Kd3 {[%clk 0:00:21]} c5 {[%clk 0:00:51]} 28. Nd2 {[%clk 0:00:09]} Ke7
{[%clk 0:00:47]} 29. Rb1 {[%clk 0:00:10]} cxd4 {[%clk 0:00:40]} 30. cxd4
{[%clk 0:00:11]} Kd7 {[%clk 0:00:32]} 31. Rab2 {[%clk 0:00:11]} Kc7
{[%clk 0:00:33]} 32. Ne4 {[%clk 0:00:08]} Nc6 {[%clk 0:00:34]} 33. c5
{[%clk 0:00:08]} bxc5 {[%clk 0:00:31]} 34. dxc5 {[%clk 0:00:08]} Rd8+
{[%clk 0:00:30]} 35. Kc3 {[%clk 0:00:09]} Rxb2 {[%clk 0:00:29]} 36. Rxb2
{[%clk 0:00:10]} Rd5 {[%clk 0:00:27]} 37. Kc4 {[%clk 0:00:06]} Rd4+
{[%clk 0:00:28]} 38. Kc3 {[%clk 0:00:07]} Rxe4 {[%clk 0:00:29]} 39. Kd4 0-1

[Event "Russian Championship (Blitz, Men)"]
[Site "Sochi"]
[Date "2018.10.07"]
[Round "4.3"]
[White "Dubov, Daniil"]
[Black "Sviridov, Valery"]
[Result "1-0"]
[BlackElo "2445"]
[WhiteElo "2706"]
[LiveChessVersion "1.4.8"]

1. Nf3 {[%clk 0:03:03]} g6 {[%clk 0:03:02]} 2. e4 {[%clk 0:03:03]} Bg7
{[%clk 0:03:01]} 3. d4 {[%clk 0:03:04]} d6 {[%clk 0:03:01]} 4. Bc4
{[%clk 0:03:06]} a6 {[%clk 0:03:01]} 5. O-O {[%clk 0:03:05]} b5 {[%clk 0:03:01]}
6. Bb3 {[%clk 0:03:06]} e6 {[%clk 0:03:01]} 7. Re1 {[%clk 0:03:06]} Ne7
{[%clk 0:03:00]} 8. c3 {[%clk 0:03:07]} Bb7 {[%clk 0:02:59]} 9. Nbd2
{[%clk 0:03:06]} Nd7 {[%clk 0:02:58]} 10. Nf1 {[%clk 0:03:08]} O-O
{[%clk 0:02:57]} 11. h4 {[%clk 0:03:09]} h6 {[%clk 0:02:55]} 12. Ng3
{[%clk 0:03:10]} c5 {[%clk 0:02:51]} 13. Bf4 {[%clk 0:03:11]} cxd4
{[%clk 0:02:49]} 14. cxd4 {[%clk 0:02:22]} Nb6 {[%clk 0:02:23]} 15. Rc1
{[%clk 0:02:12]} Qd7 16. Qd2 {[%clk 0:02:13]} Kh7 {[%clk 0:02:20]} 17. Qa5
{[%clk 0:02:14]} Qd8 {[%clk 0:02:06]} 18. Qa3 d5 {[%clk 0:02:02]} 19. Bc7
{[%clk 0:02:15]} 1-0

[Event "Russian Championship (Blitz, Men)"]
[Site "Sochi"]
[Date "2018.10.07"]
[Round "4.36"]
[White "Kobalia, Mikhail"]
[Black "Tekeyev, Zaur"]
[Result "0-1"]
[BlackElo "2301"]
[WhiteElo "2492"]
[LiveChessVersion "1.4.8"]

1. e4 {[%clk 0:03:03]} c5 {[%clk 0:03:04]} 2. Nf3 {[%clk 0:03:03]} Nc6
{[%clk 0:03:05]} 3. Bb5 {[%clk 0:03:04]} g6 {[%clk 0:03:06]} 4. Bxc6
{[%clk 0:03:05]} dxc6 {[%clk 0:03:08]} 5. d3 {[%clk 0:03:05]} Bg7
{[%clk 0:03:09]} 6. h3 {[%clk 0:03:03]} Nf6 {[%clk 0:03:10]} 7. Nc3
{[%clk 0:03:04]} O-O {[%clk 0:03:11]} 8. Be3 {[%clk 0:03:05]} b6 {[%clk 0:03:12]}
9. Qd2 {[%clk 0:03:06]} e5 {[%clk 0:03:13]} 10. Bh6 {[%clk 0:03:07]} Qd6
{[%clk 0:03:14]} 11. O-O-O {[%clk 0:03:05]} a5 {[%clk 0:03:12]} 12. Kb1
{[%clk 0:03:05]} a4 {[%clk 0:03:13]} 13. g4 {[%clk 0:03:02]} b5 {[%clk 0:03:11]}
14. Ne2 {[%clk 0:02:57]} b4 {[%clk 0:03:03]} 15. Ng3 {[%clk 0:02:53]} b3
{[%clk 0:02:49]} 16. cxb3 {[%clk 0:02:52]} axb3 {[%clk 0:02:50]} 17. a3
{[%clk 0:02:53]} Re8 {[%clk 0:02:23]} 18. Bxg7 {[%clk 0:02:52]} Kxg7
{[%clk 0:02:24]} 19. Rhg1 {[%clk 0:02:52]} Kh8 {[%clk 0:02:09]} 20. Ng5
{[%clk 0:02:40]} Ra7 {[%clk 0:01:44]} 21. Ne2 {[%clk 0:02:40]} h6
{[%clk 0:01:17]} 22. Nf3 {[%clk 0:02:39]} Kg7 {[%clk 0:01:15]} 23. Qc3
{[%clk 0:02:36]} Ba6 {[%clk 0:00:47]} 24. Nc1 {[%clk 0:02:26]} Rb7
{[%clk 0:00:38]} 25. Nd2 {[%clk 0:02:18]} Nd7 {[%clk 0:00:28]} 26. f4
{[%clk 0:02:15]} Kh7 {[%clk 0:00:24]} 27. f5 {[%clk 0:02:13]} g5 {[%clk 0:00:21]}
28. h4 {[%clk 0:02:13]} Kg7 {[%clk 0:00:18]} 29. Rh1 {[%clk 0:02:13]} Rh8
{[%clk 0:00:09]} 30. Rh3 {[%clk 0:02:14]} f6 {[%clk 0:00:06]} 31. Rdh1
{[%clk 0:02:12]} gxh4 {[%clk 0:00:04]} 32. Rxh4 {[%clk 0:02:12]} Nb6
{[%clk 0:00:05]} 33. Nf3 {[%clk 0:02:08]} Na4 {[%clk 0:00:06]} 34. Qd2
{[%clk 0:02:09]} c4 {[%clk 0:00:04]} 35. Rxh6 {[%clk 0:02:07]} c3
{[%clk 0:00:03]} 36. Rxh8 {[%clk 0:00:25]} c2+ {[%clk 0:00:05]} 37. Qxc2
{[%clk 0:00:26]} bxc2+ {[%clk 0:00:06]} 38. Kxc2 {[%clk 0:00:28]} Qc5+
{[%clk 0:00:04]} 39. Kd1 {[%clk 0:00:22]} Nxb2+ {[%clk 0:00:05]} 40. Kd2
{[%clk 0:00:11]} Qf2+ {[%clk 0:00:04]} 41. Ne2 {[%clk 0:00:10]} Nc4+
{[%clk 0:00:05]} 42. Kc3 {[%clk 0:00:09]} Rb3+ {[%clk 0:00:01]} 43. Kd4 0-1

[Event "Russian Championship (Blitz, Men)"]
[Site "Sochi"]
[Date "2018.10.07"]
[Round "5.5"]
[White "Maletin, Pavel"]
[Black "Balashov, Yuri S"]
[Result "1-0"]
[BlackElo "2489"]
[WhiteElo "2637"]
[LiveChessVersion "1.4.8"]

1. c4 {[%clk 0:03:03]} e5 {[%clk 0:03:03]} 2. g3 {[%clk 0:03:05]} c6
{[%clk 0:03:03]} 3. Nf3 {[%clk 0:03:05]} e4 {[%clk 0:03:04]} 4. Nd4
{[%clk 0:03:06]} d5 {[%clk 0:03:05]} 5. cxd5 {[%clk 0:03:06]} Qxd5
{[%clk 0:03:06]} 6. Nc2 {[%clk 0:03:02]} Nf6 {[%clk 0:03:06]} 7. Nc3
{[%clk 0:03:02]} Qe5 {[%clk 0:03:02]} 8. Bg2 {[%clk 0:02:58]} h5 {[%clk 0:02:55]}
9. d3 {[%clk 0:02:51]} exd3 {[%clk 0:02:53]} 10. Qxd3 {[%clk 0:02:52]} Bf5
{[%clk 0:02:51]} 11. e4 {[%clk 0:02:53]} h4 {[%clk 0:02:43]} 12. Bf4
{[%clk 0:02:47]} Qe7 {[%clk 0:02:43]} 13. O-O-O {[%clk 0:02:38]} Bg4
{[%clk 0:02:43]} 14. e5 {[%clk 0:02:34]} Nfd7 {[%clk 0:02:39]} 15. f3
{[%clk 0:02:20]} Nc5 {[%clk 0:02:33]} 16. Qe2 {[%clk 0:02:09]} Bf5
{[%clk 0:02:28]} 17. Nd4 {[%clk 0:02:07]} Bg6 {[%clk 0:02:29]} 18. Bh3
{[%clk 0:02:04]} Nba6 {[%clk 0:02:26]} 19. Bf5 {[%clk 0:01:53]} Ne6
{[%clk 0:02:21]} 20. Nxc6 {[%clk 0:01:35]} bxc6 {[%clk 0:02:17]} 21. Qxa6
{[%clk 0:01:36]} Qc7 {[%clk 0:02:06]} 22. Bxg6 {[%clk 0:01:30]} fxg6
{[%clk 0:02:07]} 23. Ne4 {[%clk 0:01:31]} hxg3 {[%clk 0:01:58]} 24. Bxg3
{[%clk 0:01:31]} Kf7 {[%clk 0:01:56]} 25. Qc4 {[%clk 0:01:32]} Be7
{[%clk 0:01:52]} 26. Rd6 {[%clk 0:01:29]} Qc8 {[%clk 0:01:49]} 27. Rxc6
{[%clk 0:01:29]} Qxc6 {[%clk 0:01:50]} 28. Qxc6 Rac8 29. Qxc8 {[%clk 0:01:22]}
Rxc8+ {[%clk 0:01:52]} 30. Kb1 {[%clk 0:01:23]} Nd4 {[%clk 0:01:51]} 31. Rd1
{[%clk 0:01:24]} Nf5 {[%clk 0:01:44]} 32. Rd7 {[%clk 0:01:22]} Rd8
{[%clk 0:01:26]} 33. Rxd8 {[%clk 0:01:20]} Bxd8 {[%clk 0:01:28]} 34. Nd6+
{[%clk 0:01:21]} Ke6 {[%clk 0:01:29]} 35. Nxf5 {[%clk 0:01:16]} gxf5
{[%clk 0:01:29]} 36. Kc2 {[%clk 0:01:07]} g5 {[%clk 0:01:30]} 37. Kd3
{[%clk 0:01:08]} Kd5 {[%clk 0:01:31]} 38. Bf2 {[%clk 0:01:05]} a6
{[%clk 0:01:14]} 39. Bd4 {[%clk 0:00:59]} g4 {[%clk 0:01:15]} 40. fxg4
{[%clk 0:00:33]} fxg4 {[%clk 0:01:16]} 41. b4 {[%clk 0:00:34]} Bg5
{[%clk 0:01:16]} 42. Be3 {[%clk 0:00:33]} Be7 {[%clk 0:01:11]} 43. Bc5
{[%clk 0:00:22]} Bg5 {[%clk 0:01:13]} 44. Be3 {[%clk 0:00:14]} Be7
{[%clk 0:01:14]} 45. a3 {[%clk 0:00:11]} Kxe5 {[%clk 0:01:14]} 46. Kc4
{[%clk 0:00:12]} Ke4 {[%clk 0:01:15]} 47. Bc5 {[%clk 0:00:10]} Bd8
{[%clk 0:01:12]} 48. Bd6 {[%clk 0:00:11]} Kf5 {[%clk 0:01:02]} 49. Kd5
{[%clk 0:00:12]} Bg5 {[%clk 0:00:41]} 50. a4 Ke4+ 51. Kxe4 1-0

[Event "Russian Championship (Blitz, Men)"]
[Site "Sochi"]
[Date "2018.10.07"]
[Round "5.7"]
[White "Belyakov, Bogdan"]
[Black "Riazantsev, Alexander"]
[Result "0-1"]
[BlackElo "2633"]
[WhiteElo "2464"]
[LiveChessVersion "1.4.8"]

1. e4 {[%clk 0:03:03]} c6 {[%clk 0:03:03]} 2. d4 {[%clk 0:03:04]} d5
{[%clk 0:03:05]} 3. Nc3 {[%clk 0:03:05]} dxe4 {[%clk 0:03:06]} 4. Nxe4
{[%clk 0:03:06]} Bf5 {[%clk 0:03:07]} 5. Nc5 {[%clk 0:03:07]} b6 {[%clk 0:03:06]}
6. Nb3 {[%clk 0:03:07]} e6 {[%clk 0:03:07]} 7. Nf3 {[%clk 0:03:07]} Nf6
{[%clk 0:03:07]} 8. g3 {[%clk 0:03:07]} Nbd7 {[%clk 0:03:05]} 9. Bg2
{[%clk 0:03:07]} Rc8 {[%clk 0:03:06]} 10. O-O {[%clk 0:03:03]} Bd6
{[%clk 0:03:03]} 11. h3 {[%clk 0:03:02]} O-O {[%clk 0:02:59]} 12. Re1
{[%clk 0:02:59]} h6 {[%clk 0:03:00]} 13. c4 {[%clk 0:02:07]} Qc7 {[%clk 0:02:55]}
14. Qe2 {[%clk 0:02:05]} a5 {[%clk 0:02:44]} 15. Be3 {[%clk 0:01:58]} a4
{[%clk 0:02:45]} 16. Nbd2 {[%clk 0:01:58]} c5 {[%clk 0:02:44]} 17. b3
{[%clk 0:01:53]} Bh7 {[%clk 0:02:10]} 18. Nb1 {[%clk 0:01:50]} Ne4
{[%clk 0:01:49]} 19. Nfd2 {[%clk 0:01:49]} Ndf6 {[%clk 0:01:39]} 20. Nxe4
{[%clk 0:01:40]} Nxe4 {[%clk 0:01:40]} 21. Na3 {[%clk 0:01:31]} cxd4
{[%clk 0:01:34]} 22. Nb5 {[%clk 0:01:32]} dxe3 {[%clk 0:01:35]} 23. Nxc7
{[%clk 0:01:32]} exf2+ {[%clk 0:01:35]} 24. Kh2 {[%clk 0:01:33]} fxe1=Q
{[%clk 0:01:11]} 25. Rxe1 {[%clk 0:01:32]} Nxg3 {[%clk 0:01:12]} 26. Qd1
{[%clk 0:00:48]} Bxc7 {[%clk 0:01:13]} 27. Qd7 {[%clk 0:00:34]} Nf5+
{[%clk 0:01:12]} 28. Kh1 {[%clk 0:00:31]} Bg3 {[%clk 0:01:12]} 29. Rg1
{[%clk 0:00:28]} axb3 30. axb3 {[%clk 0:00:29]} Be5 {[%clk 0:01:05]} 31. Re1
{[%clk 0:00:28]} Rfd8 {[%clk 0:01:03]} 32. Qb7 {[%clk 0:00:28]} Rb8
{[%clk 0:00:57]} 33. Qa6 {[%clk 0:00:28]} Bd4 {[%clk 0:00:54]} 34. Kh2
{[%clk 0:00:29]} Ne3 {[%clk 0:00:55]} 35. Bf3 {[%clk 0:00:24]} Bc5
{[%clk 0:00:56]} 36. Qb5 {[%clk 0:00:25]} Rd2+ {[%clk 0:00:56]} 37. Re2
{[%clk 0:00:26]} Rxe2+ {[%clk 0:00:55]} 38. Bxe2 {[%clk 0:00:27]} Nc2
{[%clk 0:00:56]} 39. Qd7 {[%clk 0:00:24]} Bf5 {[%clk 0:00:54]} 40. Bd3
{[%clk 0:00:25]} Bxd3 {[%clk 0:00:51]} 41. Qxd3 {[%clk 0:00:26]} Nb4
{[%clk 0:00:52]} 42. Qd7 {[%clk 0:00:26]} g6 {[%clk 0:00:51]} 43. Kg3
{[%clk 0:00:27]} Ra8 {[%clk 0:00:51]} 44. Kf4 {[%clk 0:00:24]} Ra1
{[%clk 0:00:51]} 45. h4 {[%clk 0:00:23]} Rf1+ {[%clk 0:00:51]} 46. Ke4
{[%clk 0:00:24]} Rh1 {[%clk 0:00:52]} 47. Ke5 {[%clk 0:00:24]} Kg7
{[%clk 0:00:52]} 48. Qc8 {[%clk 0:00:16]} Rxh4 {[%clk 0:00:52]} 49. Kd4 0-1

[Event "Russian Championship (Blitz, Men)"]
[Site "Sochi"]
[Date "2018.10.07"]
[Round "5.14"]
[White "Rozum, Ivan"]
[Black "Shcherbakov, Ruslan"]
[Result "1/2-1/2"]
[BlackElo "2501"]
[WhiteElo "2595"]
[LiveChessVersion "1.4.8"]

1. Nf3 {[%clk 0:03:03]} c5 {[%clk 0:02:59]} 2. c4 {[%clk 0:03:03]} g6
{[%clk 0:03:00]} 3. e4 {[%clk 0:03:01]} Nc6 {[%clk 0:02:59]} 4. d4
{[%clk 0:03:02]} cxd4 {[%clk 0:02:59]} 5. Nxd4 {[%clk 0:03:03]} Nf6
{[%clk 0:03:00]} 6. Nc3 {[%clk 0:03:03]} d6 {[%clk 0:03:01]} 7. Nc2
{[%clk 0:03:00]} Bg7 {[%clk 0:02:59]} 8. Be2 {[%clk 0:03:01]} Nd7
{[%clk 0:03:00]} 9. Bd2 {[%clk 0:03:01]} a5 {[%clk 0:02:29]} 10. O-O
{[%clk 0:03:00]} Nc5 {[%clk 0:02:30]} 11. f3 {[%clk 0:03:00]} O-O
{[%clk 0:02:20]} 12. Be3 {[%clk 0:03:00]} a4 {[%clk 0:01:44]} 13. Qd2
{[%clk 0:02:55]} Qa5 {[%clk 0:01:25]} 14. Rac1 {[%clk 0:02:12]} Be6
{[%clk 0:01:22]} 15. Bh6 {[%clk 0:02:08]} Qb6 {[%clk 0:01:06]} 16. Kh1
{[%clk 0:02:03]} Bxh6 {[%clk 0:00:42]} 17. Qxh6 {[%clk 0:02:03]} Nb4
{[%clk 0:00:41]} 18. Ne3 {[%clk 0:01:53]} a3 {[%clk 0:00:28]} 19. b3
{[%clk 0:01:52]} f6 {[%clk 0:00:15]} 20. f4 {[%clk 0:01:21]} Nxb3
{[%clk 0:00:11]} 21. f5 {[%clk 0:01:00]} g5 {[%clk 0:00:08]} 22. axb3
{[%clk 0:00:52]} Qxe3 {[%clk 0:00:09]} 23. fxe6 {[%clk 0:00:53]} a2
{[%clk 0:00:09]} 24. Bh5 {[%clk 0:00:30]} Nd3 {[%clk 0:00:09]} 25. Bf7+
{[%clk 0:00:30]} Kh8 {[%clk 0:00:09]} 26. Ra1 {[%clk 0:00:23]} Nf2+
{[%clk 0:00:08]} 27. Rxf2 Qxf2 {[%clk 0:00:08]} 28. Bg6 {[%clk 0:00:19]} Qh4
{[%clk 0:00:10]} 29. Qxh4 {[%clk 0:00:19]} gxh4 {[%clk 0:00:11]} 30. Bh5
{[%clk 0:00:18]} Ra3 {[%clk 0:00:12]} 31. Bd1 {[%clk 0:00:18]} Rfa8
{[%clk 0:00:12]} 32. Kg1 {[%clk 0:00:19]} Kg7 {[%clk 0:00:08]} 33. Kf2
{[%clk 0:00:20]} f5 {[%clk 0:00:10]} 34. exf5 Kf6 35. Bc2 Ke5 36. Ke3
{[%clk 0:00:19]} Rg8 {[%clk 0:00:13]} 37. Be4 {[%clk 0:00:18]} Rxb3
{[%clk 0:00:13]} 38. Kd3 {[%clk 0:00:13]} Ra8 {[%clk 0:00:10]} 39. Kc2
{[%clk 0:00:12]} Rxc3+ {[%clk 0:00:11]} 40. Kxc3 {[%clk 0:00:13]} Kxe4
{[%clk 0:00:12]} 41. f6 {[%clk 0:00:14]} exf6 {[%clk 0:00:08]} 42. e7
{[%clk 0:00:15]} Kf5 {[%clk 0:00:08]} 43. Rxa2 {[%clk 0:00:16]} Re8
{[%clk 0:00:10]} 44. Re2 {[%clk 0:00:17]} h3 {[%clk 0:00:10]} 45. gxh3
{[%clk 0:00:16]} Kg6 {[%clk 0:00:11]} 46. Kd4 {[%clk 0:00:14]} Kf7
{[%clk 0:00:12]} 47. Kd5 {[%clk 0:00:14]} Rxe7 {[%clk 0:00:13]} 48. Rb2
{[%clk 0:00:15]} Rd7 {[%clk 0:00:10]} 49. Rf2 {[%clk 0:00:15]} Rc7
{[%clk 0:00:10]} 50. Rf4 {[%clk 0:00:14]} b6 {[%clk 0:00:10]} 51. Kxd6
{[%clk 0:00:15]} Rc5 {[%clk 0:00:11]} 52. h4 {[%clk 0:00:13]} f5 {[%clk 0:00:12]}
53. h5 {[%clk 0:00:13]} Kf6 {[%clk 0:00:13]} 54. h4 {[%clk 0:00:15]} h6
{[%clk 0:00:12]} 55. Rd4 {[%clk 0:00:12]} Rc8 {[%clk 0:00:12]} 56. Kd7
{[%clk 0:00:13]} Rc5 {[%clk 0:00:13]} 57. Kd6 {[%clk 0:00:08]} Rc8
{[%clk 0:00:14]} 58. Kd7 {[%clk 0:00:08]} Rc5 {[%clk 0:00:15]} 59. Kd6
{[%clk 0:00:08]} Ke5+ 1/2-1/2